Warhammer 40,000 Imperium of Man Trivia - Statistics

General Stats
  • This quiz has been taken 603 times
  • The average score is 8 of 15
Answer Stats
Hint Answer % Correct
Where is the Home World of the Space Wolves Fenris
80%
Perpetual Primarch Vulkan
74%
Militant arm of the Daemon Hunting Branch of the inquisition Grey Knights
71%
Homw World of Blood angels Baal
68%
Krieg astra millitarum regiment Death Korps of Krieg
63%
Militant Arm of the Alien hunting branch of the inquisition Deathwatch
63%
Alien Hunters Ordo Xenos
58%
Home world of Salamanders Nocturne
53%
Witch Hunters Ordo Hereticus
52%
Daemon Hunters Ordo Malleus
43%
Sniper Assasins Vindicare
40%
Militant arm of the Witch Hunting branch of the Inquisition Sisters of Battle
39%
Oldest surviving Space Marine Bjorn The Fell-Handed
29%
Shape shifting assasins Callidus
29%
Elysian Regiment of the Astra Millitarum Elysian Drop Troops
27%
No matching quizzes found
Score Distribution
Percent of People with Each Score
Percentile by Number Answered
Your Score History
You have not taken this quiz